<?xml version="1.0" encoding="UTF-8"?><?xml-stylesheet type="text/xsl" href="static/style.xsl"?><OAI-PMH xmlns="http://www.openarchives.org/OAI/2.0/" xmlns:xsi="http://www.w3.org/2001/XMLSchema-instance" xsi:schemaLocation="http://www.openarchives.org/OAI/2.0/ http://www.openarchives.org/OAI/2.0/OAI-PMH.xsd"><responseDate>2026-04-18T01:32:01Z</responseDate><request verb="GetRecord" identifier="oai:www.recercat.cat:2072/469463" metadataPrefix="marc">https://recercat.cat/oai/request</request><GetRecord><record><header><identifier>oai:recercat.cat:2072/469463</identifier><datestamp>2025-07-29T21:54:23Z</datestamp><setSpec>com_2072_98</setSpec><setSpec>col_2072_378192</setSpec></header><metadata><record xmlns="http://www.loc.gov/MARC21/slim" xmlns:dcterms="http://purl.org/dc/terms/" xmlns:xsi="http://www.w3.org/2001/XMLSchema-instance" xmlns:doc="http://www.lyncode.com/xoai" xsi:schemaLocation="http://www.loc.gov/MARC21/slim http://www.loc.gov/standards/marcxml/schema/MARC21slim.xsd">
   <leader>00925njm 22002777a 4500</leader>
   <datafield ind2=" " ind1=" " tag="042">
      <subfield code="a">dc</subfield>
   </datafield>
   <datafield ind2=" " ind1=" " tag="720">
      <subfield code="a">Bortignon, Martina</subfield>
      <subfield code="e">author</subfield>
   </datafield>
   <datafield ind2=" " ind1=" " tag="260">
      <subfield code="c">2023</subfield>
   </datafield>
   <datafield ind2=" " ind1=" " tag="520">
      <subfield code="a">Este artículo es producto del Proyecto Anid Fondecyt Regular n.º 1230246, titulado "Locas madres. Un estudio comparado de autoras del siglo XX sobre ambivalencia y creación en el nudo maternidad-psiquiatría", del que soy investigadora responsable. Asimismo, se inscribe en la línea de investigación "Fronteras" del Centro de Estudios Americanos de la Universidad Adolfo Ibáñez.</subfield>
   </datafield>
   <datafield ind2=" " ind1=" " tag="520">
      <subfield code="a">Este artículo relaciona Üi (2005) de Adriana Pinda con Poema de Chile (1967) de Gabriela Mistral y la teoría psicoanalítica de Sabina Spielrein (2019) desde una lectura que identifica, por debajo de la reivindicación de descolonización territorial, una valencia psíquica en las aguas que hay que "desatar". Se detectan fuerzas psíquicas luminosas y oscuras que, a través de la destrucción, movilizan una toma de conciencia del individuo hacia su existencia. La adopción de posturas gestuales, vocales y maternales hacia las aguas, distintas a las normativizadas por el patriarcado y la colonialidad, guían los siguientes pasos de una descolonización ante todo psíquica.</subfield>
   </datafield>
   <datafield ind2=" " ind1=" " tag="520">
      <subfield code="a">Aquest article relaciona Üi (2005) d'Adriana Pinda amb Poema de Chile (1967) de Gabriela Mistral i la teoria psicoanalítica de Sabina Spielrein (2019) des d'una lectura que identifica, per sota de la reivindicació de descolonització territorial, una valència psíquica en les aigües que cal "deslligar". Es detecten forces psíquiques lluminoses i fosques que, a través de la destrucció, mobilitzen una presa de consciència de l'individu cap a la seva existència. L'adopció de postures gestuals, vocals i maternals cap a les aigües, diferents a les normativizadas pel patriarcat i la colonialidad, guien els següents passos d'una descolonització abans de res psíquica.</subfield>
   </datafield>
   <datafield ind2=" " ind1=" " tag="520">
      <subfield code="a">This article relates Üi (2005) by Adriana Pinda with Poema de Chile (1967) by Gabriela Mistral and the psychoanalytic theory by Sabina Spielrein (2019) through a reading that identifies, beneath the claim of territorial decolonization, a psychic valence in the waters that must be "unleashed". Luminous and dark psychic forces are detected which, through destruction, mobilize an awareness of the individual towards his existence. The adoption of gestural, vocal and maternal postures towards the waters, different from those normativized by patriarchy and coloniality, guides the next steps of a first and foremost psychic decolonization.</subfield>
   </datafield>
   <datafield tag="653" ind2=" " ind1=" ">
      <subfield code="a">Psique</subfield>
   </datafield>
   <datafield tag="653" ind2=" " ind1=" ">
      <subfield code="a">Aguas</subfield>
   </datafield>
   <datafield tag="653" ind2=" " ind1=" ">
      <subfield code="a">Maternidad</subfield>
   </datafield>
   <datafield tag="653" ind2=" " ind1=" ">
      <subfield code="a">Descolonización</subfield>
   </datafield>
   <datafield tag="653" ind2=" " ind1=" ">
      <subfield code="a">Aigua</subfield>
   </datafield>
   <datafield tag="653" ind2=" " ind1=" ">
      <subfield code="a">Maternitat</subfield>
   </datafield>
   <datafield tag="653" ind2=" " ind1=" ">
      <subfield code="a">Descolonització</subfield>
   </datafield>
   <datafield tag="653" ind2=" " ind1=" ">
      <subfield code="a">Psyche</subfield>
   </datafield>
   <datafield tag="653" ind2=" " ind1=" ">
      <subfield code="a">Waters</subfield>
   </datafield>
   <datafield tag="653" ind2=" " ind1=" ">
      <subfield code="a">Maternity</subfield>
   </datafield>
   <datafield tag="653" ind2=" " ind1=" ">
      <subfield code="a">Decolonization</subfield>
   </datafield>
   <datafield ind2="0" ind1="0" tag="245">
      <subfield code="a">Desatando las aguas profundas : un ñütram descolonizador entre Adriana Pinda, Gabriela Mistral y Sabina Spielrein</subfield>
   </datafield>
</record></metadata></record></GetRecord></OAI-PMH>